000 00360nam a2200145Ia 4500
008 240624s9999 xx 000 0 und d
041 _aeng
082 _a658.8 KOT
100 _aKOTLER PHILIP
245 _aMARKETING MANAGEMENT
250 _a(11th ed.)
260 _c2004
_aNew Delhi
_bPearson Education
300 _axxix, : 130 : p. : cm. ; 26
365 _cRS
999 _c1570
_d1570